000 00838nam a2200265 a 4500
001 25824
003 CO-ViMGA
008 141112s2004 ck r 000 u spa d
020 _a9789586652568
040 _aCO-ViMGA
_bspa
_cCO-ViMGA
041 _aSPA
090 _aN JAM1
100 1 _aJames, Henry, 1843 - 1916
_9537
245 1 0 _aLa princesa Casamassima /
_cHenry James ; traducción Carles Llorach Freixes
250 _a1a ed.
260 _aBogotá :
_bMontesinos,
_c2013
300 _a542 p.
650 1 4 _aAUTORES ESTADOUNIDENSES
_9718
650 1 4 _aCLASES SOCIALES - INGLATERRA - NOVELA
_940092
650 1 4 _aJUSTICIA SOCIAL - NOVELA
_940093
650 1 4 _aLITERATURA ESTADOUNIDENSE - SIGLO XIX
_940094
650 1 4 _aNOVELA ESTADOUNIDENSE - SIGLO XIX
_940095
700 1 _aLlorach Freixes, Carles
_940096
942 _2ddc
_cBK
999 _c5390
_d5390